[Event "Patras op"]
[Site "Patras"]
[Date "2002.08.07"]
[Round "8.38"]
[White "Pavlatos, Nikiforos"]
[Black "Gambai, Albertos"]
[Result "0-1"]
[WhiteElo "1290"]
[BlackElo "1470"]
[PlyCount "68"]
[EventDate "2002.08.??"]
[EventType "swiss"]
[EventRounds "9"]
[EventCountry "GRE"]
[SourceTitle "CBM 089 Extra"]
[Source "ChessBase"]
[SourceDate "2002.09.10"]
[SourceVersion "2"]
[SourceVersionDate "2002.09.10"]
[SourceQuality "1"]

1. e4 e5 2. Nf3 Nc6 3. Bb5 Nf6 4. d3 Ne7 5. Nxe5 c6 6. Ba4 Qa5+ 7. c3 Qxe5 8. f4 Qc7 9. g4 Ng6 10. Qf3 d6 11. h3 Be7 12. g5 Nd7 13. h4 Nc5 14. Bc2 d5 15. Be3 Bd7 16. h5 Nf8 17. exd5 cxd5 18. Qxd5 Bc6 19. Qc4 Bxh1 20. Ba4+ Nfd7 21. Bxd7+ Kxd7 22. Qxf7 Rhf8 23. Qxg7 Rxf4 24. Qxh7 Rf3 25. b4 Qg3+ 26. Kd1 Rf1+ 27. Kc2 Qxe3 28. bxc5 Qc1+ 29. Kb3 Qd1+ 30. Kb4 Bc6 31. a4 a5+ 32. Kc4 Rf4+ 33. d4 Qe2+ 34. Kb3 Bd5+ 0-1

[Event "Patras op"]
[Site "Patras"]
[Date "2002.08.03"]
[Round "4.41"]
[White "Athanasiou, Georgios"]
[Black "Gambai, Albertos"]
[Result "0-1"]
[WhiteElo "1315"]
[BlackElo "1470"]
[PlyCount "76"]
[EventDate "2002.08.??"]
[EventType "swiss"]
[EventRounds "9"]
[EventCountry "GRE"]
[SourceTitle "CBM 089 Extra"]
[Source "ChessBase"]
[SourceDate "2002.09.10"]
[SourceVersion "2"]
[SourceVersionDate "2002.09.10"]
[SourceQuality "1"]

1. e4 e5 2. Nf3 Nc6 3. Bb5 Nf6 4. d3 Ne7 5. Nxe5 c6 6. Ba4 Qa5+ 7. Nc3 Qxe5 8. d4 Qc7 9. Bg5 Ng6 10. 0-0 Be7 11. d5 h5 12. Bxf6 gxf6 13. Qf3 Qe5 14. Qg3 Bd6 15. Qxe5+ Bxe5 16. Nd1 Rg8 17. c3 Nh4 18. g3 b5 19. Bc2 cxd5 20. exd5 d6 21. f4 Bb7 22. fxe5 fxe5 23. Ne3 Bc8 24. Bd3 a6 25. Nf5 Nxf5 26. Bxf5 h4 27. Bxc8 Rxc8 28. Kh1 hxg3 29. hxg3 Rxg3 30. Rf2 Ke7 31. Kh2 Rg7 32. Rf3 Rcg8 33. Raf1 f5 34. Rh3 f4 35. Re1 Rg2+ 36. Kh1 R8g7 37. Rb1 e4 38. Re1 e3 0-1